000 00294nam a22001217a 4500
008 230704b xxu||||| |||| 00| 0 eng d
020 _a9966420037
082 _a362.7
_bKWM 1989
245 _aChild Abuse and Neglect
260 _bInitiative Publishers
_c1989
300 _a109p
942 _2ddc
_cBK
999 _c3852
_d3852